| 000 | 00321nam a22001337a 4500 | ||
|---|---|---|---|
| 999 |
_c15478 _d15478 |
||
| 020 | _a9788131714508 | ||
| 082 |
_a005.1 _bMON/DI |
||
| 100 |
_aMano, Morris M _aCiletti, Micheal D _93202 |
||
| 245 | _aDigital design | ||
| 250 | _a4th | ||
| 260 |
_aNew Delhi _bDorling Kindersley _cc2008 |
||
| 300 |
_a622 _eCD |
||
| 942 | _cBBS | ||